000 00495nam a2200217Ia 4500
001 957
003 GE_BSU
008 181216s||||||||xx |||||||||||||| ||und||
020 _a978598570105
040 _cGE_BSU
080 _a612.017.1(075.8)
100 _aМейл,Д; и др.
245 _aИммунология
260 _aМосква
260 _bЛогосфера
260 _c2007
300 _a556 с.
541 _h50 л.
653 _aИммунология
942 _cBK
999 _c35116
_d35116